Plan de inversiones a nivel estratégico para la zona 1-9 de Conservación Vial de CONAVI
Guardado en:
| Hovedforfatter: | |
|---|---|
| Format: | Bog |
| Udgivet: |
[San José, Costa Rica]
2008
|
| Fag: | |
| Tags: |
Tilføj Tag
Ingen Tags, Vær først til at tagge denne postø!
|
MARC
| LEADER | 00000nam a2200000Ia 4500 | ||
|---|---|---|---|
| 003 | 001265 | ||
| 005 | 20221231144053.0 | ||
| 008 | 140114s2008 cr a 000 ||s d | ||
| 040 | |c cru CEDI | ||
| 090 | |a TFG 5788 | ||
| 100 | |a Madrigal Salazar, José Daniel |9 4005 | ||
| 245 | |a Plan de inversiones a nivel estratégico para la zona 1-9 de Conservación Vial de CONAVI | ||
| 260 | |c 2008 |b [San José, Costa Rica] | ||
| 300 | |a 166 hojas; ilustraciones (principalmente a color), mapas color | ||
| 500 | |a Tesis (licenciatura en ingeniería civil)--Universidad de Costa Rica. Facultad de Ingeniería. Escuela de Ingeniería Civil | ||
| 650 | |x CONSTRUCCION DE CARRETERAS |x FINANCIACION |x INVERSIONES PUBLICAS |x PROYECTOS DE INVERSION |9 4006 | ||
| 942 | |c TFG | ||
| 999 | |c 16447 |d 16447 | ||
